| 000 | 00984nas a2200313 4500 | ||
|---|---|---|---|
| 001 | BR2011005228 | ||
| 003 | BR-BrBNA | ||
| 005 | 20231205115607.0 | ||
| 007 | ta | ||
| 008 | 230509b bl.|||p| |||| 00| 00por d | ||
| 040 |
_aBR-BrBNA _bpor _cBiblioteca Nacional de Agricultura |
||
| 041 | _a(Pt) | ||
| 072 | _aF61 | ||
| 100 | 1 | _aTecchio, M.A. | |
| 100 | 1 | _aMoura, M.F. | |
| 100 | 1 | _aPaioli-Pires, E.J. | |
| 100 | 1 | _aTerra, M.M. | |
| 100 | 1 | _aTeixeira, L.A.J. | |
| 100 | 1 | _aSmarsi, R.C. | |
| 245 | 1 | _aTeores foliares de nutrientes, índice relativo de clorofila e teores de nitrato e de potássio na seiva do pecíolo na videira Niagara Rosada | |
| 650 | _aUVA | ||
| 650 | _aNUTRIENTE MINERAL | ||
| 650 | _aANÁLISE FOLIAR | ||
| 650 | _aPOTÁSSIO | ||
| 650 | _aCLOROFILA | ||
| 773 | 0 |
_tRevista Brasileira de Fruticultura (Brazil) _xISSN 0100 2945 _g(Jun 2011), v. 33(2) p. 649-659 _wBR2011005228 |
|
| 909 |
_a202311 _bLúcia _c55 _dLúcia Elande |
||
| 942 |
_2AGRIS _n0 _cANA |
||
| 999 |
_c214674 _d214674 |
||